Kika vyostrila boj

V novembri 2005 - otvoril svoju prvú predajňu na Slovensku rakúsky nábytkársky reťazec Kika/lLeiner Group. Konkurencia švédskej sieti Ikea, Nábytku Galan a Európa Möbel. Výhody a prednosti každej z nich. Sortiment v predajniach. Predajne si konkurujú výhodnejšou cenou, ale aj službami. Online predaj...

Description complète

Enregistré dans:
Détails bibliographiques
Auteur principal: Košťál, Daniel
Format: Chapitre de livre
Langue:slovaque
Sujets:
Tags: Ajouter un tag
Pas de tags, Soyez le premier à ajouter un tag!

MARC

LEADER 00000naa$a2200000$$$4500
001 0038227
005 20231107130327.1
041 0 |a slo 
044 |a SK 
245 1 0 |a Kika vyostrila boj  |c Daniel Košťál 
520 |a V novembri 2005 - otvoril svoju prvú predajňu na Slovensku rakúsky nábytkársky reťazec Kika/lLeiner Group. Konkurencia švédskej sieti Ikea, Nábytku Galan a Európa Möbel. Výhody a prednosti každej z nich. Sortiment v predajniach. Predajne si konkurujú výhodnejšou cenou, ale aj službami. Online predaj. 
610 2 0 |a nábytok 
610 2 0 |a predaj 
610 2 0 |a reťazce obchodné 
610 2 0 |a konkurencia 
610 2 0 |a Slovensko 
100 1 |a Košťál, Daniel